000 00347nam a2200133Ia 4500
005 20260326235446.0
008 260326s9999||||xx |||||||||||||| ||und||
100 _aMarg, Volkwin
245 0 _aStadia and arenas = Stadien und arenen /
_cVolkwin Marg
260 _bHatje Cantz
300 _a327 p.
650 _aEDIFICACIONES DEPORTIVAS
942 _cBK
999 _c7576
_d7576